Statistics for Red Dead Redemption Characters Quiz

Click here to take the quiz!

General Stats

  • This quiz has been taken 201 times
  • The average score is 5 of 10

Answer Stats

HintCharacter% Correct
John Marston's sonJack Marston
89%
The old person who helps John Marston in Beecher's HopeUncle
79%
John Marston' wifeAbigail Marston
78%
The person you try to kill first but you actually kill him secondBill Williamson
71%
The leader of the gang that John Marston used to be inDutch Van Der Linde
71%
The character who saves John Marston in the first missionBonnie MacFarlane
56%
He's fat and he's one of the marshal's deputiesEli
31%
The minor character that guides you to Fort Mercer in the first missionJake
25%
You get the Winchester Repeater on one of his missionsMarshal Johnson
14%
The old person who sells Snake OilMr. West Dickens
8%

Score Distribution

Percentile by Number Answered

Percent of People with Each Score

Your Score History

You have not taken this quiz